Повышение КПД реактивного двигателя; Интеллектуальные энергосистемы; Т. 1

Podrobná bibliografie
Parent link:Интеллектуальные энергосистемы: труды IV Международного молодёжного форума, 10-14 октября 2016 г., г. Томск/ Национальный исследовательский Томский политехнический университет (ТПУ), Энергетический институт (ЭНИН).— , 2016
Т. 1.— 2016.— [С. 356-357]
Hlavní autor: Бир А. П.
Korporativní autor: Национальный исследовательский Томский политехнический университет (ТПУ) Институт физики высоких технологий (ИФВТ) Кафедра материаловедения в машиностроении (ММС)
Další autoři: Бурков М. В. Михаил Владимирович (научный руководитель)
Shrnutí:Заглавие с титульного экрана
Jazyk:ruština
Vydáno: 2016
Edice:Мой первый шаг в науку (для школьников)
Témata:
On-line přístup:http://earchive.tpu.ru/handle/11683/36353
Médium: Elektronický zdroj Kapitola
KOHA link:https://koha.lib.tpu.ru/cgi-bin/koha/opac-detail.pl?biblionumber=621550

MARC

LEADER 00000naa2a2200000 4500
001 621550
005 20231101133152.0
035 |a (RuTPU)RU\TPU\conf\20166 
035 |a RU\TPU\conf\20163 
090 |a 621550 
100 |a 20170111d2016 k y0rusy50 ca 
101 0 |a rus 
102 |a RU 
105 |a y z 101zy 
135 |a drgn ---uucaa 
181 0 |a i  
182 0 |a b 
200 1 |a Повышение КПД реактивного двигателя  |f А. П. Бир  |g науч. рук. М. В. Бурков 
203 |a Текст  |c электронный 
225 1 |a Мой первый шаг в науку (для школьников) 
230 |a 1 компьютерный файл (pdf; 201 Kb) 
300 |a Заглавие с титульного экрана 
461 1 |0 (RuTPU)RU\TPU\conf\20053  |t Интеллектуальные энергосистемы  |o труды IV Международного молодёжного форума, 10-14 октября 2016 г., г. Томск  |o в 3 т.  |f Национальный исследовательский Томский политехнический университет (ТПУ), Энергетический институт (ЭНИН)  |d 2016 
463 1 |0 (RuTPU)RU\TPU\conf\20054  |t Т. 1  |v [С. 356-357]  |d 2016 
610 1 |a труды учёных ТПУ 
610 1 |a электронный ресурс 
610 1 |a КПД 
610 1 |a реактивные двигатели 
610 1 |a перспективные материалы 
610 1 |a композиты 
700 1 |a Бир  |b А. П. 
702 1 |a Бурков  |b М. В.  |c специалист в области материаловедения  |c доцент кафедры Томского политехнического университета, кандидат технических наук  |f 1987-  |g Михаил Владимирович  |2 stltpush  |4 727 
712 0 2 |a Национальный исследовательский Томский политехнический университет (ТПУ)  |b Институт физики высоких технологий (ИФВТ)  |b Кафедра материаловедения в машиностроении (ММС)  |h 74  |2 stltpush  |3 (RuTPU)RU\TPU\col\18688 
801 2 |a RU  |b 63413507  |c 20170124  |g RCR 
856 4 |u http://earchive.tpu.ru/handle/11683/36353 
942 |c BK